000 00513nam a22001937a 4500
003 NUST - PNEC
005 20170116180819.0
008 150612b xxu||||| |||| 00| 0 eng d
020 _a-
040 _cLIBRARY
082 _a330 BIN
100 _93916
_aBingham, Robert C.
245 _aEconomic concepts: A programmed approach
_cRobert C. Bingham
250 _a3rd ed.
260 _aNew York:
_bMcGraw-Hill Book Company,
300 _a375 p. :
_c24 cm.
650 _93918
_aEconomics
_xMIS
942 _2ddc
_cBK
999 _c63644
_d63644